The equations of radiation hydrodynamics (Record no. 6007)

MARC details
000 -LEADER
fixed length control field 00591nam a2200193Ia 4500
003 - CONTROL NUMBER IDENTIFIER
control field IN-BaIIA
008 - FIXED-LENGTH DATA ELEMENTS--GENERAL INFORMATION
fixed length control field 211028s9999 xx 000 0 eng d
020 ## - INTERNATIONAL STANDARD BOOK NUMBER
International Standard Book Number 0-08-016893-0
040 ## - CATALOGING SOURCE
Transcribing agency IIA Library
080 ## - UNIVERSAL DECIMAL CLASSIFICATION NUMBER
Universal Decimal Classification number 52-64
Item number POM
100 ## - MAIN ENTRY--PERSONAL NAME
Personal name Pomraning, G. C.
9 (RLIN) 10426
245 #4 - TITLE STATEMENT
Title The equations of radiation hydrodynamics
Statement of responsibility, etc. G. C. Pomraning
260 ## - PUBLICATION, DISTRIBUTION, ETC.
Place of publication, distribution, etc. Oxford
Name of publisher, distributor, etc. Pergamon Press
Date of publication, distribution, etc. 1973
300 ## - PHYSICAL DESCRIPTION
Extent x, 288p.
650 ## - SUBJECT ADDED ENTRY--TOPICAL TERM
Topical term or geographic name entry element Astronomy and astrophysics thesaurus
650 ## - SUBJECT ADDED ENTRY--TOPICAL TERM
Topical term or geographic name entry element Hydrodynamics
9 (RLIN) 1514
650 ## - SUBJECT ADDED ENTRY--TOPICAL TERM
Topical term or geographic name entry element Radiative transfer
9 (RLIN) 1568
942 ## - ADDED ENTRY ELEMENTS (KOHA)
Koha item type Books
Holdings
Withdrawn status Lost status Damaged status Not for loan Home library Current library Shelving location Date acquired Cost, normal purchase price Total Checkouts Full call number Barcode Date last seen Cost, replacement price Price effective from Koha item type Purchase Price
        IIA Library-Bangalore IIA Library-Bangalore General Stacks 30/11/1978 234.90   52-64/ POM 6711 05/11/2021 234.90 30/11/1978 Books Rs. 234.90

Powered by Koha